[Event "World Rapid Team 2023"]
[Site "Dusseldorf GER"]
[Date "2023.08.27"]
[Round "7.3"]
[Board "1"]
[White "Caruana, Fabiano"]
[Black "Moussard, Jules"]
[Result "1-0"]
[WhiteTitle "GM"]
[BlackTitle "GM"]
[WhiteElo "2782"]
[BlackElo "2661"]
[WhiteTeam "Kompetenzakademie Allstars"]
[BlackTeam "Chessbrah OFM"]
[WhiteFideId "2020009"]
[BlackFideId "642908"]
[EventDate "2023.08.26"]

1. c4 e6 2. Nc3 d5 3. d4 Nf6 4. cxd5 exd5 5. Bg5 c6 6. Qc2 h6 7. Bh4 Be7 8. e3
O-O 9. Bd3 Re8 10. Nge2 Nbd7 11. O-O Nh5 12. Bxe7 Qxe7 13. Rae1 Nf8 14. Nc1 Qg5
15. f4 Qd8 16. Qf2 Nf6 17. Bc2 b6 18. Qg3 Qd6 19. Nb3 a5 20. Nd2 Ba6 21. Rf2 b5
22. Nf3 c5 23. Nh4 Nh5 24. Nf5 Qf6 25. Qg4 g6 26. Nxd5 Qd8 27. e4 b4 28. Rd1 Bc8
29. dxc5 Bxf5 30. exf5 Qc8 31. Qf3 Qxc5 32. fxg6 fxg6 33. Bxg6 Nxg6 34. Qxh5 Qd6
35. f5 Nf8 36. f6 Re5 37. Qxh6 Ra7 38. Ne7+ 1-0

[Event "World Rapid Team 2023"]
[Site "Dusseldorf GER"]
[Date "2023.08.27"]
[Round "7.3"]
[Board "2"]
[White "Van Foreest, Jorden"]
[Black "Aronian, Levon"]
[Result "1-0"]
[WhiteTitle "GM"]
[BlackTitle "GM"]
[WhiteElo "2697"]
[BlackElo "2742"]
[WhiteTeam "Chessbrah OFM"]
[BlackTeam "Kompetenzakademie Allstars"]
[WhiteFideId "1039784"]
[BlackFideId "13300474"]
[EventDate "2023.08.26"]

1. e4 c5 2. Nf3 e6 3. g3 Nc6 4. d4 cxd4 5. Nxd4 Nf6 6. Bg2 Qb6 7. Nb3 a6 8. O-O
Qc7 9. a4 d6 10. Nc3 Be7 11. f4 h5 12. h3 b6 13. Be3 Bb7 14. Qe2 Na5 15. Nd2 Rc8
16. Rad1 Nc4 17. Nxc4 Qxc4 18. Qxc4 Rxc4 19. Rd4 Rxd4 20. Bxd4 Nd7 21. h4 O-O
22. Rd1 Rc8 23. Be3 g6 24. e5 d5 25. Bd4 b5 26. axb5 axb5 27. Ra1 b4 28. Nb5
Rxc2 29. Ra7 Bc6 30. Rc7 b3 31. Nc3 Rxb2 32. Rxc6 Rd2 33. Rc8+ Kh7 34. Rc7 Rxd4
35. Rxd7 Bb4 36. Rxf7+ Kh6 37. Rb7 Bxc3 38. Rxb3 Bd2 39. Bh3 Rb4 40. Rd3 Rb2 41.
Kf1 Ba5 42. Bxe6 Rb1+ 43. Kg2 Rb2+ 44. Kh3 Rd2 45. Rb3 Rc2 46. Bxd5 Be1 47. Rb7
Rc8 48. Bf7 Bf2 49. Rd7 Bc5 50. Bd5 Rb8 51. Rc7 Bb6 52. Rc6 Bd4 53. f5 Rb6 54.
Rxb6 Bxb6 55. f6 Bd4 56. f7 Kg7 57. e6 Bc5 58. Kg2 Kf6 59. Kf3 Bd6 60. Bb3 g5
61. hxg5+ Kxg5 62. Ke4 Kf6 63. Kd5 Bf8 64. Bd1 Ke7 65. Bxh5 Kf6 66. Bd1 Ba3 67.
Bb3 Bf8 68. Ke4 Ba3 69. Kd5 Bf8 70. Kc6 Ke7 71. Bc4 Bg7 72. Kd5 Bc3 73. Ke4 Kf8
74. Kf5 Ke7 75. Kg6 Kf8 76. g4 Bb4 77. g5 Be7 78. Kh6 Bf6 79. Bb3 Bg7+ 80. Kh7
Bf6 81. g6 1-0

[Event "World Rapid Team 2023"]
[Site "Dusseldorf GER"]
[Date "2023.08.27"]
[Round "7.3"]
[Board "4"]
[White "Tari, Aryan"]
[Black "Batsiashvili, Nino"]
[Result "1/2-1/2"]
[WhiteTitle "GM"]
[BlackTitle "GM"]
[WhiteElo "2629"]
[BlackElo "2474"]
[WhiteTeam "Chessbrah OFM"]
[BlackTeam "Kompetenzakademie Allstars"]
[WhiteFideId "1510045"]
[BlackFideId "13602993"]
[EventDate "2023.08.26"]

1. e4 e5 2. Nf3 Nc6 3. d4 exd4 4. Nxd4 Nf6 5. Nxc6 bxc6 6. Nd2 d6 7. b3 Be7 8.
Bb2 O-O 9. Bd3 Nd7 10. O-O Bf6 11. Qc1 Nc5 12. f4 Nxd3 13. cxd3 Ba6 14. Rf3 Bxb2
15. Qxb2 c5 16. Nf1 f5 17. Ne3 fxe4 18. dxe4 Qf6 19. Qxf6 Rxf6 20. Nd5 Rf7 21.
e5 Re8 22. Re3 dxe5 23. fxe5 c6 24. e6 Rb7 25. Nf4 c4 26. Rd1 cxb3 27. axb3 Rbe7
28. Rd6 Bb5 29. h4 a5 30. Re4 g6 31. g4 Ra8 32. g5 a4 33. bxa4 Rxa4 34. Rxa4
Bxa4 35. Kf2 Kf8 36. Rd8+ Re8 37. Rd4 Bb3 38. Rd6 Bd5 39. Ke3 Ra8 40. Rd7 Ra4
41. Rf7+ Ke8 42. Rxh7 Re4+ 43. Kf3 Rxe6+ 44. Kf2 Rd6 45. Rh6 Be4 46. h5 Kf7 47.
Rh7+ Kg8 48. Re7 Bf5 49. h6 Kh8 50. Rg7 Be4 51. Rf7 Bf5 52. Kg3 Rd1 53. Rf8+ Kh7
54. Rf7+ Kh8 55. Kf2 Rd6 56. Kg3 Rd1 57. Nh5 gxh5 58. Rxf5 Rd4 59. Rf8+ Kh7 60.
Rf7+ Kh8 61. Kh3 Rg4 62. Rf8+ Kh7 63. Rf7+ Kh8 64. Rg7 c5 65. g6 c4 66. Rh7+ Kg8
67. Rg7+ Kh8 68. Kh2 c3 69. Rh7+ Kg8 70. Rg7+ Kh8 71. Rh7+ Kg8 72. Rg7+ Kh8 1/2-1/2

[Event "World Rapid Team 2023"]
[Site "Dusseldorf GER"]
[Date "2023.08.27"]
[Round "7.3"]
[Board "5"]
[White "Tsatsalashvili, Keti"]
[Black "Khademalsharieh, Sarasadat"]
[Result "1-0"]
[WhiteTitle "WGM"]
[BlackTitle "IM"]
[WhiteElo "2315"]
[BlackElo "2488"]
[WhiteTeam "Kompetenzakademie Allstars"]
[BlackTeam "Chessbrah OFM"]
[WhiteFideId "13603434"]
[BlackFideId "12512214"]
[EventDate "2023.08.26"]

1. d4 d5 2. c4 e6 3. Nf3 a6 4. cxd5 exd5 5. Qc2 Nf6 6. Bg5 Be7 7. e3 Be6 8. Bd3
Nbd7 9. O-O h6 10. Bh4 O-O 11. Nc3 c6 12. Rad1 Qc7 13. e4 dxe4 14. Nxe4 Qa5 15.
Rfe1 Rfe8 16. Ned2 Nd5 17. Nc4 Qd8 18. Rxe6 fxe6 19. Bh7+ Kf8 20. Qe4 N7f6 21.
Qg6 Qc7 22. Bg3 Nf4 23. Bxf4 Qxf4 24. Nce5 Nxh7 25. Qxh7 Bd6 26. Qh8+ 1-0

[Event "World Rapid Team 2023"]
[Site "Dusseldorf GER"]
[Date "2023.08.27"]
[Round "7.4"]
[Board "1"]
[White "Aravindh, Chithambaram VR."]
[Black "Dominguez Perez, Leinier"]
[Result "1/2-1/2"]
[WhiteTitle "GM"]
[BlackTitle "GM"]
[WhiteElo "2645"]
[BlackElo "2739"]
[WhiteTeam "Six-pack"]
[BlackTeam "Chess Pensioners"]
[WhiteFideId "5072786"]
[BlackFideId "3503240"]
[EventDate "2023.08.26"]

1. e4 e5 2. Nf3 Nc6 3. Bb5 Nf6 4. d3 Bc5 5. Bxc6 dxc6 6. O-O Bd6 7. Nbd2 Be6 8.
b3 Nd7 9. Nc4 Qe7 10. Nxd6+ cxd6 11. Ng5 O-O 12. f4 h6 13. Nxe6 fxe6 14. Qg4 Rf6
15. Be3 Raf8 16. fxe5 Nxe5 17. Qe2 c5 18. Rxf6 Qxf6 19. Rf1 Qh4 20. h3 Rxf1+ 21.
Qxf1 Nc6 22. a3 Nd4 23. Bxd4 cxd4 24. Qf2 Qxf2+ 25. Kxf2 Kf7 26. Kf3 Kf6 27. h4
g6 28. Kf4 g5+ 29. Kg4 Kg6 30. b4 b5 31. Kf3 Kh5 32. hxg5 hxg5 33. Kg3 g4 34.
Kh2 Kg5 35. g3 Kf6 36. Kg2 Ke5 37. Kf2 d5 38. exd5 Kxd5 39. Ke2 e5 40. Kf2 e4
41. Ke2 Ke5 42. Kf2 e3+ 43. Ke2 Kd5 44. Ke1 Ke5 1/2-1/2

[Event "World Rapid Team 2023"]
[Site "Dusseldorf GER"]
[Date "2023.08.27"]
[Round "7.4"]
[Board "2"]
[White "Svidler, Peter"]
[Black "Mohammad, Nubairshah Shaikh"]
[Result "1/2-1/2"]
[WhiteTitle "GM"]
[BlackTitle "IM"]
[WhiteElo "2688"]
[BlackElo "2430"]
[WhiteTeam "Chess Pensioners"]
[BlackTeam "Six-pack"]
[WhiteFideId "4102142"]
[BlackFideId "5053196"]
[EventDate "2023.08.26"]

1. c4 g6 2. d4 d6 3. e4 Bg7 4. Nc3 Nf6 5. h3 e5 6. d5 a5 7. Be3 Na6 8. Nf3 Nc5
9. Nd2 h5 10. a3 a4 11. Bxc5 dxc5 12. Nxa4 Qe7 13. Nc3 Bh6 14. Qc2 O-O 15. O-O-O
Ne8 16. Kb1 Nd6 17. Bd3 Bd7 18. Nf3 Qf6 19. Qe2 Kg7 20. Rdg1 Rh8 21. Ne1 c6 22.
Nc2 Rhb8 23. h4 Qd8 24. f3 b5 25. dxc6 b4 26. Nb5 Bxc6 27. Rd1 Qa5 28. Nxd6 bxa3
29. Nb5 axb2 30. Kxb2 Qa2+ 31. Kc3 Qa5+ 32. Kb2 Qa2+ 33. Kc3 Qa5+ 1/2-1/2

[Event "World Rapid Team 2023"]
[Site "Dusseldorf GER"]
[Date "2023.08.27"]
[Round "7.4"]
[Board "3"]
[White "Karthik, Venkataraman"]
[Black "Kramnik, Vladimir"]
[Result "1/2-1/2"]
[WhiteTitle "GM"]
[BlackTitle "GM"]
[WhiteElo "2562"]
[BlackElo "2753"]
[WhiteTeam "Six-pack"]
[BlackTeam "Chess Pensioners"]
[WhiteFideId "25006479"]
[BlackFideId "4101588"]
[EventDate "2023.08.26"]

1. e4 c5 2. Nf3 e6 3. d4 cxd4 4. Nxd4 a6 5. a3 Nf6 6. Nc3 Qc7 7. f4 d6 8. Be3 b5
9. g4 Bb7 10. Bg2 h6 11. g5 hxg5 12. fxg5 Nfd7 13. g6 Ne5 14. gxf7+ Qxf7 15. Qe2
Nbd7 16. O-O-O Rc8 17. Bd2 Be7 18. h4 Rc4 19. Rhf1 Bf6 20. Bg5 Qe7 21. Qe3 b4
22. axb4 Rxb4 23. b3 Nc5 24. Bh3 O-O 25. Bxf6 Rxf6 26. Rxf6 Qxf6 27. Rf1 Ned3+
28. cxd3 Qxd4 29. Qxd4 Rxd4 30. Kc2 a5 31. Ne2 Rxd3 32. Bxe6+ Kh7 33. Bf5+ g6
34. Bxg6+ Kh6 35. Rf7 Kxg6 36. Rxb7 Re3 37. Nf4+ Kh6 38. Rb6 Nxe4 39. Ra6 Rc3+
40. Kb2 Rf3 41. Ne6 Rf5 42. Ng5 Rf2+ 43. Ka3 Nc3 44. Rxa5 d5 45. Kb4 d4 46. Kc4
Ne2 47. Re5 Nc1 48. Kxd4 1/2-1/2

[Event "World Rapid Team 2023"]
[Site "Dusseldorf GER"]
[Date "2023.08.27"]
[Round "7.4"]
[Board "4"]
[White "Sadvakasov, Darmen"]
[Black "Pranesh, M"]
[Result "1/2-1/2"]
[WhiteTitle "GM"]
[BlackTitle "GM"]
[WhiteElo "2629"]
[BlackElo "2503"]
[WhiteTeam "Chess Pensioners"]
[BlackTeam "Six-pack"]
[WhiteFideId "13700464"]
[BlackFideId "35028600"]
[EventDate "2023.08.26"]

1. c4 e6 2. e4 d5 3. exd5 exd5 4. d4 Nf6 5. Nc3 Be7 6. Nf3 O-O 7. cxd5 Nbd7 8.
Bd3 Nb6 9. O-O Bg4 10. h3 Bh5 11. g4 Bg6 12. Ne5 Bxd3 13. Qxd3 Nfxd5 14. Re1 f6
15. Nf3 Qd7 16. Ne4 Rfe8 17. Bd2 c6 18. Nc5 Bxc5 19. dxc5 Nc8 20. Rxe8+ Qxe8 21.
Re1 Nce7 22. Nd4 Qd7 23. Qe4 Ng6 24. Nf5 Ne5 25. f4 Nf7 26. Qe6 Qxe6 27. Rxe6
Kf8 28. Kf2 Rd8 29. Re4 Rd7 30. Nd4 Nd8 31. Ba5 b6 32. cxb6 axb6 33. Bd2 c5 34.
Ne6+ Nxe6 35. Rxe6 Nc7 36. Re2 Rd3 37. h4 Nd5 38. f5 Kf7 39. h5 c4 40. Ke1 Rd4
41. Rg2 g6 42. fxg6+ hxg6 43. hxg6+ Kxg6 44. Rg3 b5 45. Ke2 b4 46. a3 bxa3 47.
bxa3 Re4+ 48. Kd1 f5 49. gxf5+ Kxf5 50. a4 c3 51. Bxc3 Rxa4 52. Kc2 Ra2+ 53. Kb3
Rh2 54. Rd3 Nxc3 55. Rxc3 Ke5 1/2-1/2

[Event "World Rapid Team 2023"]
[Site "Dusseldorf GER"]
[Date "2023.08.27"]
[Round "7.4"]
[Board "5"]
[White "Priyanka, Nutakki"]
[Black "Houska, Jovanka"]
[Result "0-1"]
[WhiteTitle "WGM"]
[BlackTitle "IM"]
[WhiteElo "2283"]
[BlackElo "2340"]
[WhiteTeam "Six-pack"]
[BlackTeam "Chess Pensioners"]
[WhiteFideId "25049615"]
[BlackFideId "405094"]
[EventDate "2023.08.26"]

1. d4 d5 2. c4 e6 3. Nf3 Nf6 4. Nc3 Be7 5. Bf4 O-O 6. e3 Nbd7 7. Rc1 c6 8. h3 b6
9. cxd5 exd5 10. Bd3 Bb7 11. O-O Re8 12. Qc2 g6 13. Rfe1 Nf8 14. Ne5 N6d7 15.
Ba6 Qc8 16. Bxb7 Qxb7 17. Nf3 Ne6 18. Bh2 Bf6 19. Qd2 Bg7 20. e4 b5 21. exd5
cxd5 22. Qd3 a6 23. Ne5 Rac8 24. b3 b4 25. Na4 Rxc1 26. Rxc1 Nxd4 27. Qxd4 Nxe5
28. Bxe5 Bxe5 29. Qd3 Rc8 30. Rd1 Qb5 31. Qf3 Qc6 32. Rxd5 Qxd5 0-1

[Event "World Rapid Team 2023"]
[Site "Dusseldorf GER"]
[Date "2023.08.27"]
[Round "7.4"]
[Board "6"]
[White "Ananyev, Yaroslav"]
[Black "Dinesh, Rajan M"]
[Result "0-1"]
[WhiteElo "1509"]
[BlackElo "1904"]
[WhiteTeam "Chess Pensioners"]
[BlackTeam "Six-pack"]
[WhiteFideId "343430678"]
[BlackFideId "35060600"]
[EventDate "2023.08.26"]

1. d4 d5 2. Bf4 Nf6 3. Nf3 Bg4 4. Nbd2 c5 5. e3 Nc6 6. c3 e6 7. Be2 Bd6 8. Bxd6
Qxd6 9. O-O O-O 10. h3 Bh5 11. Qc2 Rac8 12. Rfe1 Rfe8 13. Nh4 Bxe2 14. Rxe2 cxd4
15. Nhf3 dxc3 16. bxc3 Qc5 17. Qb2 Na5 18. Rc1 Rc7 19. Nd4 Rec8 20. N4b3 Qb5 21.
Rc2 Qxe2 22. Nxa5 Qd3 23. Nf3 b6 24. Ne5 Qd1+ 25. Kh2 bxa5 26. Rc1 Qh5 27. Nf3
Ne4 28. c4 Rxc4 29. Rxc4 dxc4 30. Qb7 Nd6 31. Qxa7 Qd5 32. Qd4 Qxd4 33. Nxd4 c3
34. Nc2 Rb8 35. Nd4 Rb2 36. Kg3 c2 37. Nxc2 0-1

[Event "World Rapid Team 2023"]
[Site "Dusseldorf GER"]
[Date "2023.08.27"]
[Round "7.5"]
[Board "1"]
[White "Krastev, Alexander"]
[Black "Eljanov, Pavel"]
[Result "1-0"]
[WhiteTitle "IM"]
[BlackTitle "GM"]
[WhiteElo "2411"]
[BlackElo "2695"]
[WhiteTeam "Schachverein Hemer"]
[BlackTeam "Ashdod Elit Chess Club"]
[WhiteFideId "12989983"]
[BlackFideId "14102951"]
[EventDate "2023.08.26"]

1. e4 e5 2. Nf3 Nc6 3. Bb5 a6 4. Ba4 Nf6 5. Nc3 b5 6. Bb3 Be7 7. a4 Rb8 8. axb5
axb5 9. O-O O-O 10. d3 d6 11. Nd5 Nxd5 12. Bxd5 Nb4 13. Bb3 c5 14. c3 Nc6 15.
Bd5 Qc7 16. h3 Bf6 17. Nh2 Ne7 18. Ba2 Ng6 19. Ng4 Qd8 20. f4 exf4 21. Bxf4 Bxg4
22. Qxg4 b4 23. Bc4 bxc3 24. bxc3 Bxc3 25. Ra7 Bf6 26. Rd7 Qe8 27. Bxd6 Ne5 28.
Bxe5 Qxe5 29. Rd5 Qc3 30. Rdf5 Kh8 31. Kh1 Rbe8 32. Rxc5 Qd4 33. Rd5 Qb2 34. Rd7
Re7 35. Rxe7 Bxe7 36. Qf5 g6 37. Qd7 Qe5 38. Bd5 Bd6 39. Kg1 f5 40. Rf3 Qh2+ 41.
Kf1 Rb8 42. Bb7 Be5 43. exf5 gxf5 44. d4 Bg3 45. Rxf5 Qh1+ 46. Ke2 Qb1 47. Rf7
Rg8 48. Qf5 Qxf5 49. Rxf5 h6 50. Kd3 Kg7 51. Be4 Rf8 52. Ra5 Bf2 53. Ra7+ Rf7
54. Ra6 Rf6 55. Ra2 Bg3 56. Bd5 h5 57. Ra7+ Kf8 58. Bf3 h4 59. d5 Rb6 60. Ke4
Rf6 61. Rb7 Rf4+ 62. Ke3 Rf6 63. Kd4 Ke8 64. Bh5+ Kd8 65. Bg4 Rh6 66. Ke4 Rf6
67. Bf5 Ra6 68. Be6 Ra4+ 69. Kf5 Rf4+ 70. Kg6 Re4 71. Bf5 Rd4 72. Rd7+ Ke8 73.
Kf6 Rd2 74. Re7+ Kd8 75. Rd7+ Ke8 76. Rh7 Kd8 77. Be4 Re2 78. Bf3 Ra2 79. Kf5
Ra6 80. Be4 Rd6 81. Rg7 Rd7 82. Rxg3 hxg3 83. h4 Rf7+ 84. Kg5 Ke7 85. h5 Kf8 86.
h6 Ra7 87. Kf4 Ra4 88. Ke5 Ra1 89. d6 Rh1 90. h7 Rh6 91. Bg6 Rh1 92. Kf6 Rf1+
93. Bf5 Rh1 94. Ke5 Kf7 95. Kf4 Kg7 96. Kxg3 Ra1 97. Kf4 Ra5 98. Ke4 1-0

[Event "World Rapid Team 2023"]
[Site "Dusseldorf GER"]
[Date "2023.08.27"]
[Round "7.5"]
[Board "2"]
[White "Fridman, Daniel"]
[Black "Bagrationi, Alexander"]
[Result "1-0"]
[WhiteTitle "GM"]
[BlackTitle "GM"]
[WhiteElo "2586"]
[BlackElo "2440"]
[WhiteTeam "Ashdod Elit Chess Club"]
[BlackTeam "Schachverein Hemer"]
[WhiteFideId "11600454"]
[BlackFideId "14104954"]
[EventDate "2023.08.26"]

1. Nf3 d5 2. g3 c6 3. Bg2 Nf6 4. O-O Bf5 5. d3 h6 6. c4 e6 7. Qb3 Qb6 8. Be3
Qxb3 9. axb3 a6 10. Bd4 Nbd7 11. Bc3 Rc8 12. Nbd2 Bh7 13. b4 Be7 14. Rfe1 O-O
15. e4 dxe4 16. dxe4 Rfd8 17. e5 Ne8 18. Nb3 c5 19. b5 axb5 20. cxb5 b6 21. Nfd2
Bd3 22. Bb7 Rc7 23. Ba6 Nb8 24. Nc1 Nxa6 25. Rxa6 Bxb5 26. Rxb6 Bc6 27. Nc4 Bd5
28. b3 Rb7 29. Rxb7 Bxb7 30. Ba5 Ra8 31. Nd3 Bd5 32. Bb6 Ra6 33. Bxc5 Bxc4 34.
bxc4 Bxc5 35. Nxc5 Rc6 36. Ne4 Rxc4 37. h4 Kf8 38. Kg2 Ke7 39. Kf3 f5 40. exf6+
Nxf6 41. Nd2 Rc3+ 42. Ke2 Nd5 43. Ra1 Rc2 44. Ra7+ Kf6 45. Kd1 Rc7 46. Ra6 Ke5
47. Ke2 Rc2 48. Kd1 Rc7 49. Ke2 Rc2 50. Ra5 Kf6 51. Kd1 Rc7 52. Ne4+ Ke5 53. Nc5
g5 54. hxg5 hxg5 55. Ke2 Nc3+ 56. Kf3 Nd5 57. Kg4 Rf7 58. Kxg5 Kd6 59. Ne4+ Ke5
60. Ra4 Nb6 61. f4+ Kd5 62. Nc3+ Kc5 63. Re4 Rg7+ 64. Kh4 Nd5 65. Nxd5 exd5 66.
Re1 d4 67. f5 d3 68. g4 Kd4 69. f6 Rh7+ 70. Kg5 Rh2 71. Rf1 d2 72. f7 Rh8 73.
f8=Q 1-0

[Event "World Rapid Team 2023"]
[Site "Dusseldorf GER"]
[Date "2023.08.27"]
[Round "7.5"]
[Board "3"]
[White "Voicu-Jagodzinsky, Carmen"]
[Black "Smirin, Ilia"]
[Result "0-1"]
[WhiteTitle "WGM"]
[BlackTitle "GM"]
[WhiteElo "2264"]
[BlackElo "2574"]
[WhiteTeam "Schachverein Hemer"]
[BlackTeam "Ashdod Elit Chess Club"]
[WhiteFideId "1206729"]
[BlackFideId "2801990"]
[EventDate "2023.08.26"]

1. Nf3 Nf6 2. c4 g6 3. b4 d6 4. Bb2 Bg7 5. g3 e5 6. d3 a5 7. b5 O-O 8. Bg2 Nbd7
9. O-O a4 10. Qc2 Nc5 11. Nc3 a3 12. Bc1 e4 13. Ne1 Bf5 14. Be3 Re8 15. d4 Ncd7
16. h3 Nb6 17. Qb3 d5 18. c5 Nc4 19. Nc2 c6 20. b6 h5 21. Rad1 Qc8 22. Kh2 h4
23. Bf4 e3 24. gxh4 Nh5 25. Bc7 Re7 26. Nxe3 Nxe3 27. fxe3 Rxe3 28. Rf3 Qe6 29.
Qb4 Rxf3 30. Bxf3 Qe3 31. Kg2 Nf4+ 32. Bxf4 Qxf4 33. Na4 Qxh4 34. Rh1 Qxd4 0-1

[Event "World Rapid Team 2023"]
[Site "Dusseldorf GER"]
[Date "2023.08.27"]
[Round "7.5"]
[Board "4"]
[White "Galperin, Platon"]
[Black "Jagodzinsky, Andreas"]
[Result "1-0"]
[WhiteTitle "GM"]
[WhiteElo "2566"]
[BlackElo "2176"]
[WhiteTeam "Ashdod Elit Chess Club"]
[BlackTeam "Schachverein Hemer"]
[WhiteFideId "14165414"]
[BlackFideId "4636961"]
[EventDate "2023.08.26"]

1. d4 d5 2. Nf3 Nf6 3. c3 c6 4. Bf4 g6 5. h3 Bg7 6. Nbd2 Qb6 7. Qb3 Bf5 8. e3
O-O 9. Be2 Nbd7 10. g4 Qxb3 11. Nxb3 Be4 12. Na5 Bxf3 13. Bxf3 Ne4 14. Nxb7 e5
15. dxe5 Rab8 16. Na5 Rxb2 17. Bxe4 dxe4 18. Nxc6 Re8 19. O-O-O Rb7 20. Rd4 Nc5
21. Kc2 Rc7 22. Nb4 Bxe5 23. Rc4 Bxf4 24. exf4 Rcc8 25. Nd5 Kg7 26. f5 f6 27.
Rb1 Re5 28. Ne3 Rc7 29. Rb5 h5 30. Rb8 hxg4 31. hxg4 Kh6 32. Rg8 Rg7 33. g5+ Kh7
34. Rxg7+ Kxg7 35. gxf6+ Kf7 36. Ng4 Rd5 37. Rd4 Rxd4 38. cxd4 Nd3 39. Ne5+ 1-0

[Event "World Rapid Team 2023"]
[Site "Dusseldorf GER"]
[Date "2023.08.27"]
[Round "7.5"]
[Board "5"]
[White "Besou, Hussain"]
[Black "Muzychuk, Mariya"]
[Result "1/2-1/2"]
[WhiteTitle "FM"]
[BlackTitle "GM"]
[WhiteElo "2364"]
[BlackElo "2511"]
[WhiteTeam "Schachverein Hemer"]
[BlackTeam "Ashdod Elit Chess Club"]
[WhiteFideId "16269950"]
[BlackFideId "14114550"]
[EventDate "2023.08.26"]

1. d4 d5 2. c4 c6 3. Nf3 Nf6 4. Nc3 e6 5. Bg5 h6 6. Bxf6 Qxf6 7. e3 Nd7 8. Rc1
g6 9. Bd3 dxc4 10. Bxc4 Bg7 11. O-O O-O 12. Qb3 Qe7 13. Rfd1 b6 14. e4 Bb7 15.
d5 exd5 16. exd5 cxd5 17. Nxd5 Bxd5 18. Bxd5 Nc5 19. Qa3 Rad8 20. b4 Ne6 21.
Bxe6 Qxe6 22. Rxd8 Rxd8 23. Qxa7 Qc4 24. Qa3 Rd3 25. h3 Rxa3 26. Rxc4 Rxa2 27.
Rc6 b5 28. Rb6 Rb2 29. Rxb5 Bf8 30. g3 Rxb4 31. Rxb4 Bxb4 32. Kf1 1/2-1/2

[Event "World Rapid Team 2023"]
[Site "Dusseldorf GER"]
[Date "2023.08.27"]
[Round "7.5"]
[Board "6"]
[White "Blonder, Daniel"]
[Black "Xue, Luka"]
[Result "0-1"]
[WhiteElo "1824"]
[BlackElo "1925"]
[WhiteTeam "Ashdod Elit Chess Club"]
[BlackTeam "Schachverein Hemer"]
[WhiteFideId "2841754"]
[BlackFideId "16277252"]
[EventDate "2023.08.26"]

1. e4 e6 2. d4 d5 3. Nd2 c5 4. Ngf3 cxd4 5. Nxd4 Nf6 6. Bd3 Nc6 7. Nxc6 bxc6 8.
O-O Be7 9. exd5 exd5 10. h3 O-O 11. Nf3 Qc7 12. Be3 c5 13. c3 Rb8 14. Qd2 Rd8
15. Bf4 Bd6 16. Bxd6 Qxd6 17. Rfe1 Ba6 18. b3 Bxd3 19. Qxd3 Ne4 20. Rad1 Qf6 21.
c4 Nc3 22. Rd2 d4 23. Re5 Rbc8 24. Rf5 Qa6 25. Ng5 f6 26. Nxh7 Qe6 27. Rh5 Qe4
28. g4 Qxd3 29. Rxd3 Ne2+ 30. Kh2 Nf4 31. Rd2 0-1

[Event "World Rapid Team 2023"]
[Site "Dusseldorf GER"]
[Date "2023.08.27"]
[Round "7.6"]
[Board "1"]
[White "Huschenbeth, Niclas"]
[Black "Orlov, Andrey"]
[Result "1/2-1/2"]
[WhiteTitle "GM"]
[BlackTitle "GM"]
[WhiteElo "2603"]
[BlackElo "2503"]
[WhiteTeam "Berlin Chess Federation"]
[BlackTeam "Duesseldorfer Schachklub 1914/25 e.V."]
[WhiteFideId "24604747"]
[BlackFideId "4125282"]
[EventDate "2023.08.26"]

1. e4 c5 2. Nf3 a6 3. c3 d5 4. exd5 Qxd5 5. d4 e6 6. Be3 cxd4 7. cxd4 Nf6 8. Nc3
Qd8 9. Bd3 Be7 10. O-O O-O 11. Rc1 Nc6 12. a3 Bd7 13. Bb1 Rc8 14. Qd3 g6 15.
Rfd1 Nd5 16. Bh6 Re8 17. Ne4 Bf8 18. Qd2 Qe7 19. Ba2 f6 20. Re1 Qf7 21. Bxf8
Qxf8 22. Nc5 Rc7 23. Rxe6 Bxe6 24. Nxe6 Rxe6 25. Bxd5 Re7 26. Re1 Nd8 27. Bxe6+
Rxe6 28. Rxe6 Nxe6 29. d5 Nc5 30. d6 Qf7 31. h4 Qe6 32. Qd4 Nd7 33. Nd2 Qe1+ 34.
Nf1 Qe5 35. Qc4+ Kg7 36. Qc7 Qe6 37. Ne3 Kh6 38. g3 Ne5 39. Kg2 Nd7 40. Kh2 b5
41. Kg1 g5 42. Qd8 Kg6 43. h5+ Kg7 44. h6+ Kg6 45. g4 Ne5 46. Qh8 Nxg4 47. Qg7+
Kh5 48. d7 Nxe3 49. fxe3 Qxe3+ 50. Kf1 Qf3+ 1/2-1/2

[Event "World Rapid Team 2023"]
[Site "Dusseldorf GER"]
[Date "2023.08.27"]
[Round "7.6"]
[Board "2"]
[White "Berelowitsch, Alexander"]
[Black "Rabiega, Robert"]
[Result "0-1"]
[WhiteTitle "GM"]
[BlackTitle "GM"]
[WhiteElo "2492"]
[BlackElo "2468"]
[WhiteTeam "Duesseldorfer Schachklub 1914/25 e.V."]
[BlackTeam "Berlin Chess Federation"]
[WhiteFideId "14101440"]
[BlackFideId "4601475"]
[EventDate "2023.08.26"]

1. e4 e5 2. Nf3 Nf6 3. Nxe5 d6 4. Nf3 Nxe4 5. Nc3 Nxc3 6. dxc3 Be7 7. Be3 Nc6 8.
Qd2 Bf5 9. O-O-O Qd7 10. Kb1 O-O 11. h4 Rfe8 12. Ng5 h6 13. Nh3 Bf8 14. Nf4 Ne5
15. Be2 b5 16. f3 Nc4 17. Bxc4 bxc4 18. g4 Bh7 19. g5 Rab8 20. Qf2 Rb5 21. Bc1
Reb8 22. Nd5 c6 23. Ne3 Qb7 24. Nxc4 d5 25. a4 Rb3 26. Ka1 dxc4 27. cxb3 Qxb3
28. Qxa7 Qc2 0-1

[Event "World Rapid Team 2023"]
[Site "Dusseldorf GER"]
[Date "2023.08.27"]
[Round "7.6"]
[Board "3"]
[White "Baskin, Robert"]
[Black "Levin, Felix"]
[Result "1/2-1/2"]
[WhiteTitle "IM"]
[BlackTitle "GM"]
[WhiteElo "2451"]
[BlackElo "2459"]
[WhiteTeam "Berlin Chess Federation"]
[BlackTeam "Duesseldorfer Schachklub 1914/25 e.V."]
[WhiteFideId "24662402"]
[BlackFideId "4650905"]
[EventDate "2023.08.26"]

1. e4 e5 2. Nf3 Nc6 3. Bc4 Bc5 4. d3 Nf6 5. Nc3 h6 6. a3 a6 7. Be3 d6 8. h3 Nd4
9. Bxd4 Bxd4 10. Nxd4 exd4 11. Ne2 c5 12. Nf4 b5 13. Bb3 O-O 14. O-O Bb7 15. Nh5
Rc8 16. Ng3 c4 17. dxc4 bxc4 18. Ba2 Nxe4 19. Qxd4 Nxg3 20. fxg3 Qc7 21. Rae1
Qc5 22. Rf4 Bd5 23. c3 Be6 24. Bb1 Qxd4+ 25. Rxd4 d5 26. Kf2 Rb8 27. Rd2 Rb6 28.
Ke3 d4+ 29. cxd4 Rb3+ 30. Kf2 Rfb8 31. d5 Rxb2 32. Rxb2 Rxb2+ 33. Kg1 Bd7 34.
Rc1 c3 35. Bd3 Rb3 36. Bxa6 Bf5 37. d6 Kf8 38. Kf2 c2 39. Ke2 Rxa3 40. g4 Bxg4+
41. hxg4 Rxa6 42. Rxc2 Rxd6 43. Rc7 g6 44. Kf3 Kg7 45. Ra7 Rd1 46. Kf2 Rd3 47.
Rb7 Kf6 48. Ra7 Rd5 49. Kf3 h5 50. gxh5 Rxh5 51. Rb7 Rc5 52. Ra7 Rf5+ 53. Kg3
Rf1 54. Ra5 Kg7 55. Kh3 f5 56. g4 f4 57. Kg2 Rb1 58. Kf3 Rb4 59. g5 Kf7 60. Ra6 1/2-1/2